| 000 | 01559nam a2200397Ia 4500 | ||
|---|---|---|---|
| 001 | ebr10587272 | ||
| 003 | CaPaEBR | ||
| 006 | m u | ||
| 007 | cr cn||||||||| | ||
| 008 | 020124s2002 nyu sb 001 0 eng d | ||
| 010 | _z 2002017695 | ||
| 020 | _z9780791452455 | ||
| 020 | _z9780791489192 | ||
| 020 | _z079145245X (alk. paper) | ||
| 020 | _z0791452468 (pbk. : alk. paper) | ||
| 040 |
_aCaPaEBR _cCaPaEBR |
||
| 035 | _a(OCoLC)61367596 | ||
| 050 | 1 | 4 |
_aDS119.6 _b.B465 2002eb |
| 082 | 0 | 4 |
_a956 _221 |
| 100 | 1 |
_aBen-Yehuda, Hemda, _d1954- |
|
| 245 | 1 | 4 |
_aThe Arab-Israeli conflict transformed _h[electronic resource] : _bfifty years of interstate and ethnic crises / _cHemda Ben-Yehuda and Shmuel Sandler. |
| 260 |
_aAlbany : _bState University of New York Press, _c2002. |
||
| 300 | _axi, 291 p. | ||
| 440 | 0 | _aSUNY series in global politics | |
| 504 | _aIncludes bibliographical references (p. 233-280) and index. | ||
| 533 |
_aElectronic reproduction. _bPalo Alto, Calif. : _cebrary, _d2011. _nAvailable via World Wide Web. _nAccess may be limited to ebrary affiliated libraries. |
||
| 650 | 0 | _aArab-Israeli conflict. | |
| 650 | 0 |
_aEthnic conflict _zIsrael. |
|
| 650 | 0 |
_aJews _zIsrael _xIdentity. |
|
| 650 | 0 |
_aPalestinian Arabs _xEthnic identity. |
|
| 651 | 0 |
_aIsrael _xEthnic relations. |
|
| 655 | 7 |
_aElectronic books. _2local |
|
| 700 | 1 | _aSandler, Shmuel. | |
| 710 | 2 | _aebrary, Inc. | |
| 856 | 4 | 0 |
_uhttp://site.ebrary.com/lib/rucke/Doc?id=10587272 _zAn electronic book accessible through the World Wide Web; click to view |
| 999 |
_c108221 _d108221 |
||